| 000 | 00751 a2200217 4500 | ||
|---|---|---|---|
| 010 | _aENG-85193 | ||
| 020 |
_a8131300005 _c895.00 |
||
| 035 | _aEN-68726 | ||
| 037 | _bD.B.Act / Pub | ||
| 082 | 1 | 4 | _a576.139 |
| 090 |
_c1662 _d1662 |
||
| 100 | 1 | _aRajvaidya, Neelima | |
| 245 |
_aGenetical and biochemical applications of microbiology _cby Neelima Rajvaidya and Dilip Kumar Markandey |
||
| 260 |
_aNew Delhi _bA P H Publishing _c2006 |
||
| 270 |
_a5, Ansari Road, Darya Ganj _bNew Delhi _cDelhi _e110002 _k23274050 |
||
| 300 |
_a345 p _bill _c21 cm (Hb) |
||
| 650 | _aMicrobiology | ||
| 700 | _aMarkandey, Dilip Kumar | ||
| 942 |
_adpl _cEN _k576.139 / RAJ |
||
| 999 |
_c1632 _d1632 |
||